DerivaGem software 1.51

Na minha lista:
Detalhes bibliográficos
Autor principal: Hull, John C.
Formato: Livro
Idioma:inglês
Publicado em: Upper Saddle River, N.J. Prentice Hall 2005
Assuntos:
Tags: Adicionar Tag
Sem tags, seja o primeiro a adicionar uma tag!

MARC

LEADER 00000nam$a2200000$$$4500
001 0047940
005 20191211125222.9
020 |a 0-13-149539-9 
041 0 |a eng 
044 |a US 
245 1 0 |a DerivaGem software 1.51  |c John C. Hull 
264 1 |a Upper Saddle River, N.J.  |b Prentice Hall  |c 2005 
300 |a CD-ROM 
500 |a Pred spustením je potrebná inštalácia programu na disk. 
610 2 0 |a deriváty 
610 2 0 |a softvér 
610 2 0 |a modelovanie ekonometrické 
100 1 |a Hull, John C.